| 000 -LEADER |
| fixed length control field |
01641cam a22003254a 4500 |
| 001 - CONTROL NUMBER |
| control field |
14546232 |
| 005 - DATE AND TIME OF LATEST TRANSACTION |
| control field |
20230221123234.0 |
| 008 - FIXED-LENGTH DATA ELEMENTS--GENERAL INFORMATION |
| fixed length control field |
060912s2006 ii abf 001 0 eng |
| 010 ## - LIBRARY OF CONGRESS CONTROL NUMBER |
| LC control number |
2006541175 |
| 020 ## - INTERNATIONAL STANDARD BOOK NUMBER |
| International Standard Book Number |
812910976X (jkt.) |
| 025 ## - OVERSEAS ACQUISITION NUMBER |
| Overseas acquisition number |
I-E-2006-541175; 63-92 |
| 037 ## - SOURCE OF ACQUISITION |
| Source of stock number/acquisition |
Library of Congress -- New Delhi Overseas Office |
| Terms of availability |
Rs495.00 |
| 040 ## - CATALOGING SOURCE |
| Original cataloging agency |
DLC |
| Transcribing agency |
DLC |
| 042 ## - AUTHENTICATION CODE |
| Authentication code |
lcode |
| 043 ## - GEOGRAPHIC AREA CODE |
| Geographic area code |
a-ii--- |
| 050 00 - LIBRARY OF CONGRESS CALL NUMBER |
| Classification number |
DS480.853 |
| Item number |
.S579 2006 |
| 082 ## - DEWEY DECIMAL CLASSIFICATION NUMBER |
| Classification number |
327.540092, SIN |
| 100 1# - MAIN ENTRY--PERSONAL NAME |
| Personal name |
Singh, Jaswant, |
| Dates associated with a name |
1938-2020. |
| 9 (RLIN) |
109336 |
| 245 12 - TITLE STATEMENT |
| Title |
A call to honour : |
| Remainder of title |
in service of emergent India / |
| Statement of responsibility, etc. |
Jaswant Singh. |
| 260 ## - PUBLICATION, DISTRIBUTION, ETC. |
| Place of publication, distribution, etc. |
New Delhi : |
| Name of publisher, distributor, etc. |
Rupa & Co., |
| Date of publication, distribution, etc. |
c2006. |
| 300 ## - PHYSICAL DESCRIPTION |
| Extent |
xvii, 426 p., [20] p. of plates : |
| Other physical details |
ill. (some col.), maps ; |
| Dimensions |
24 cm. |
| 505 ## - FORMATTED CONTENTS NOTE |
| Formatted contents note |
Memories of a Sunlit Land (Page-3), Born of the Same Womb: Pakistan (Page-52),India: The journey from nation to statehood (Page-76),Pokhran II: the implosion of nuclear apartheid (Page-111),Pokhran Looks East (Page-134),The Asian Two: India and china (Page-151), Troubled Neighbor, Turbulent Times: 1999 (Page-189),Troubled Neighbor, Turbulent Times: 2001 (Page-248),Engaging the Natural Ally (Page-270),The Republican Innings (Page-326),Some Afterwords (Page-356). |
| 520 ## - SUMMARY, ETC. |
| Summary, etc. |
India's foreign relations during the period 1998-2004; first hand account by former foreign minister of India. |
| 600 10 - SUBJECT ADDED ENTRY--PERSONAL NAME |
| Personal name |
Singh, Jaswant, |
| Dates associated with a name |
1938-2020. |
| 9 (RLIN) |
109336 |
| 651 #0 - SUBJECT ADDED ENTRY--GEOGRAPHIC NAME |
| Geographic name |
India |
| General subdivision |
Foreign relations |
| Chronological subdivision |
1984- |
| 9 (RLIN) |
949 |
| 651 #0 - SUBJECT ADDED ENTRY--GEOGRAPHIC NAME |
| Geographic name |
India |
| General subdivision |
Politics and government |
| Chronological subdivision |
1977- |
| 9 (RLIN) |
950 |
| 906 ## - LOCAL DATA ELEMENT F, LDF (RLIN) |
| a |
7 |
| b |
cbc |
| c |
origode |
| d |
3 |
| e |
ncip |
| f |
20 |
| g |
y-gencatlg |
| 942 ## - ADDED ENTRY ELEMENTS (KOHA) |
| Source of classification or shelving scheme |
|
| Koha item type |
Book |